| 000 | 00436nam a2200169 a 4500 | ||
|---|---|---|---|
| 001 | 0000-8853 | ||
| 003 | ELIB.Books | ||
| 008 | 110520 1967 | ||
| 035 | _a(ELIB.Books)0000-8999 | ||
| 082 |
_aFic _bMcI |
||
| 100 | _aMcInnes, John A. | ||
| 245 | _aTime For Adventure | ||
| 260 |
_bWest Melbourne: Thomas Newlson Australia Pty Ltd. _c1967 |
||
| 650 | _aFiction | ||
| 942 |
_2ddc _cBK |
||
| 998 |
_cbat _e2011-05-20 |
||
| 999 |
_c8853 _d8853 |
||